Ligue 1 - le quiz - Statistiques

Statistiques générales
  • Ce quiz a été pris 1 449 fois
    679 depuis la dernière actualisation
  • Le résultat moyen est 17 sur 20
Statistiques - réponses
Question Réponse % Correct
Quel club est le plus titré de l’histoire de la Ligue 1 ? Paris Saint-Germain
100%
Qui est le tenant du titre de la Coupe de France ? Paris Saint-Germain
100%
Combien d’équipes composent la Ligue 1 ? 18
99%
Quel est le dernier club, hors PSG à avoir gagné le championnat ? LOSC
97%
Quel pays détient le club parisien ? Qatar
97%
En quelle année l’Olympique de Marseille à remporté la Ligue des Champions ? 1993
96%
Qui est le meilleur buteur de l’histoire du PSG ? Kylian Mbappé
96%
Quel club évoluant en vert a atteint la finale de Ligue des Champions en 1976 ? AS Saint-Étienne
92%
Quel joueur issu de la formation lyonnaise a remporté le ballon d’or ? Karim Benzema
92%
Qui est actuellement le coach du PSG (2024-25) ? Luis Enrique
92%
Quelle équipe va recevoir le Real Madrid de Kylian Mbappé en Bretagne dans le cadre de la Ligue des Champions 2024-25 ? Stade Brestois
91%
Quelle équipe a le stade le moins rempli du championnat ? AS Monaco
83%
Dans quel club les joueurs sont surnommés les merlus ? FC Lorient
83%
Qui était propriétaire du club durant cette période ? Bernard Tapie
82%
Quel nom porte le club de foot à Angers ? SCO
82%
Quel joueur ayant joué à l’OM et l’OL et en équipe de France, joue aujourd’hui à Chypre ? Mathieu Valbuena
73%
Comment se nomme l’ancien stade de l’Olympique Lyonnais ? Stade de Gerland
72%
Sur quel score impressionnant c’est fini Lyon - Marseille le 8 novembre 2009 ? 5 : 5
71%
Dans quel stade joue le Racing Club de Strasbourg ? Stade de la Meinau
56%
Les joueurs de quel club a-t-il essayé de corrompre pour éviter que les joueurs se blessent avant la finale de Ligue des Champions ? Valenciennes
55%
Aucun quiz correspondant
Distribution des résultats
% des personnes avec chaque résultat
Percentile par nombre de réponses
Votre historique - résultats
Vous n’avez pas pris ce quiz depuis la dernière actualisation